| 000 | 00472nam a2200157Ia 4500 | ||
|---|---|---|---|
| 008 | 240729s9999 xx 000 0 und d | ||
| 022 | _a2517-679X | ||
| 245 | 0 | _aPublic Administration and Policy | |
| 260 | _aUnited Kingdom | ||
| 260 | _bEmerald Publishing | ||
| 650 | _a Political institutions and public administration (General) | ||
| 650 | _aPolitical science | ||
| 856 | _uhttps://doaj.org/toc/0de650440d3846d29acbbe2fbe446159 | ||
| 942 | _2ddc | ||
| 942 | _cDOAJEJ | ||
| 999 |
_c66773 _d66773 |
||
| 945 |
_a1 _bMadushi Gamage _c1 _dMadushi Gamage |
||